| 000 | 01166nam a2200253 4500 | ||
|---|---|---|---|
| 003 | CO-ViMGA | ||
| 020 | _a9789586890861 | ||
| 040 |
_aCO-ViMGA _bspa _cCO-ViMGA |
||
| 082 | 0 | 4 |
_a611 _b R69g |
| 100 | 1 |
_aRoyer, Anne _913105 |
|
| 245 | 1 | 0 |
_aEl gran libro larousse del cuerpo humano / _ctexto Anne Royer ; ilustraciones Julien Akita ; traducción Ana María Peris Moreno |
| 250 | _aPrimera impresión, edición especial | ||
| 260 |
_aBogotá : _bLarousse |
||
| 300 |
_a94 páginas : _bilustraciones en color ; 34 cm |
||
| 490 | _aRecomendado para un público infantil mayor de 9 años | ||
| 505 | _aLa mecánica del cuerpo -- El cerebro, siempre al mando -- Los cinco sentidos -- Problemas del cuerpo -- Cuidados del cuerpo -- Las edades de la vida -- Nuestro cuerpo en el futuro -- El cuerpo humano al descubierto | ||
| 534 | _tTítulo original: Le trŠs grand livre du corps humain | ||
| 650 | 1 | 4 |
_aAnatomia Humana _xLiteratura Infantil _913106 |
| 650 | 1 | 4 |
_aCuerpo Humano _xLiteratura Infantil _913107 |
| 650 | 1 | 4 |
_aFisiologia Humana _xLiteratura Infantil _913108 |
| 700 | 1 |
_aAkita, Julien _913109 |
|
| 700 | 1 |
_aPeris Moreno, Ana María _913110 |
|
| 942 |
_2ddc _cBK |
||
| 999 |
_c8670 _d8670 |
||